Adult Health Nursing-2 with Integrated Pathophyiology (Medical Surgical Nursing-2) (Record no. 370144)

MARC details
000 -LEADER
fixed length control field 00725nam a22002537a 4500
001 - CONTROL NUMBER
control field
003 - CONTROL NUMBER IDENTIFIER
control field OSt
005 - DATE AND TIME OF LATEST TRANSACTION
control field 20260128143852.0
007 - PHYSICAL DESCRIPTION FIXED FIELD--GENERAL INFORMATION
fixed length control field
008 - FIXED-LENGTH DATA ELEMENTS--GENERAL INFORMATION
fixed length control field 260123b |||||||| |||| 00| 0 eng d
010 ## - LIBRARY OF CONGRESS CONTROL NUMBER
LC control number
015 ## - NATIONAL BIBLIOGRAPHY NUMBER
Source
020 ## - INTERNATIONAL STANDARD BOOK NUMBER
International Standard Book Number 9789367054772
041 ## - LANGUAGE CODE
Language code of text/sound track or separate title Eng
082 ## - DEWEY DECIMAL CLASSIFICATION NUMBER
Edition number 1ST
Classification number 616.01/SON
Item number 2025-2026
100 ## - MAIN ENTRY--PERSONAL NAME
Personal name Soni,Mishal M
9 (RLIN) 216478
110 ## - MAIN ENTRY--CORPORATE NAME
Relator code Jenish J
245 ## - TITLE STATEMENT
Title Adult Health Nursing-2 with Integrated Pathophyiology (Medical Surgical Nursing-2)
260 ## - PUBLICATION, DISTRIBUTION, ETC. (IMPRINT)
Place of publication, distribution, etc. Jaipur
Name of publisher, distributor, etc. Bookera
Date of publication, distribution, etc. 2025-2026
300 ## - PHYSICAL DESCRIPTION
Extent 11.19 p.
440 ## - SERIES STATEMENT/ADDED ENTRY--TITLE
Title Adult Health Nursing-2 with Integrated Pathophyiology (Medical Surgical Nursing-2)
9 (RLIN) 216481
610 ## - SUBJECT ADDED ENTRY--CORPORATE NAME
Corporate name or jurisdiction name as entry element Medical Surgical Nursing
9 (RLIN) 209176
942 ## - ADDED ENTRY ELEMENTS (KOHA)
Source of classification or shelving scheme Dewey Decimal Classification
Koha item type Donated Book
Holdings
Withdrawn status Lost status Source of classification or shelving scheme Damaged status Not for loan Home library Current library Date acquired Vendor Cost, normal purchase price Bill number Total Checkouts Full call number Barcode Date last seen Date last checked out Cost, replacement price Bill Date Koha item type
    Dewey Decimal Classification     Sitabai Nargundkar College of Nursing Nagpur Sitabai Nargundkar College of Nursing Nagpur 21/02/2026 Donated BY Deepali Tayade 795.00 IK#2025-26#00919 2 616.01 SON SNCN-DB-375 07/03/2026 20/02/2026 795.00 29/01/2026 Donated Book